Guess the Sabrina Carpenter song from the first lyric - Statistics

General Stats
  • This quiz has been taken 172 times
  • The average score is 11 of 20
Answer Stats
Hint Answer % Correct
oh i leave quite an impression, five feet to be exact taste
92%
it's times like these, wish I had a time machine emails i can't send
85%
he's good for my heart, but he's ___ ___ ________ bad for business
82%
you're so ____ & ______ / it's just what i fall for, i like the aesthetic dumb & poetic
73%
it'll be a wednesday and i'll be going to this coffee shop / hear the barista call an oat milk latte and your name skinny dipping
70%
(1, 2, 1 2 3) the second i put my head on your chest / she knew, she's got a real sixth sense coincidence
65%
i saw you laughing in one of his pictures, bet you'll be the one with his ring on your finger cindy lou who
59%
if i asked that boy to jump i know he would / he don't even have to say, it's understood paris
59%
made it clear when you told me (ah), don't know why but you gotta be lonely (ah) read your mind
58%
(oh yeah) did i catch your attention? you look like you lost your breath / when i circle the room, you an owl, you gon' twist your head looking at me
57%
you're good at the falling not the staying there, you're good at the giving too much then getting scared decode
56%
guess i'll end this life alone / i am not dramatic, these are just the thoughts that pass right through me slim pickins
55%
you like new york city in the daytime, i like new york city in the nighttime why
53%
told me, told me i'm your only / it's all unfolding, babe bet u wanna
49%
remember when you said it? there's no second chance / oh baby i heard you been hoping you could change the past sue me
48%
baby, sorry i left you in the dark / i always reach for your leg over there on your side of the car things i wish you said
48%
who put the baby in charge? it's already hard to buy all the parts and learn to use them exhale
43%
little things become everything when you wouldn't think that they would / little things weigh so heavily, take my energy 'til it's gone in my bed
32%
you are the voice inside my mind / something so real is hard to find / i know, i know don't want it back
26%
we're picking fights, we're fully grown / how come we get so immature when we're alone? i'm fakin
26%
No matching quizzes found
Score Distribution
Percent of People with Each Score
Percentile by Number Answered
Your Score History
You have not taken this quiz